000 nam a22 7a 4500
999 _c8743
_d8743
008 180119b ||||| |||| 00| 0 eng d
100 _aThomas. M
_93976
245 _aJoy of Grammar Junior -VII
260 _aNew Delhi
_bAngel Book Publication
_c2016